000 00623nam a2200205 a 4500
001 17940
003 CO-ViMGA
008 141112s2004 ck r 000 u spa d
020 _a9589580513
040 _aCO-ViMGA
_bspa
_cCO-ViMGA
082 0 4 _a986.11 M656
100 1 _aPeña, David Ernesto; Corradine, Alberto
_925389
245 1 0 _aMompox . Isla en el tiempo
260 _aBogotá,
_cDiego Samper,
_c1995
300 _a160.p.
590 _aForma de adquisición : Premio - Mincultura
650 1 4 _aMOMPOX - BOLIVAR - COLOMBIA - HISTORIA
_925390
650 1 4 _aMOMPOX - VIDA SOCIAL Y COSTUMBRES
_925391
942 _2ddc
_cBK
999 _c27339
_d27339